000 00197nam a2200097Ia 4500
008 240331s9999 xx 000 0 und d
082 _bRUM
100 _aRumi,N
245 0 _aAdutha vinadi
942 _cL
999 _c4652
_d4652